Top 15 Länder mit Covid-19-Todesfällen - 27. Feb 2021 - Statistiken

Allgemein
  • Dieses Quiz wurde 12 mal gespielt
  • Das Durchschnittsergebnis liegt bei 15 aus 24
Antwortstatistiken
Land % Korrekt
Deutschland
92%
Italien
92%
Russland
92%
Spanien
92%
Vereinigte Staaten
92%
Brasilien
83%
Frankreich
83%
Mexiko
83%
Portugal
83%
Indien
75%
Vereinigtes Königreich
75%
Belgien
67%
Argentinien
58%
Iran
58%
Kolumbien
58%
Peru
58%
Tschechien
50%
Ungarn
50%
Bulgarien
42%
Slowenien
42%
Kroatien
33%
Südafrika
33%
Bosnien und Herzegowina
25%
Nordmazedonien
25%
Keine übereinstimmenden Quizze gefunden
Verteilung der Resultate
Anzahl Personen mit jedem Resultat
Perzentil nach korrekt beantworteten Fragen
Ihre Resultats-Entwicklung
Sie haben dieses Quiz noch nicht gespielt